000 00285nam a22001337a 4500
008 170331b xxu||||| |||| 00| 0 eng d
020 _a9781852308636
041 _aeng
080 _a616-053.2
100 _a8
101 _aSHM
245 _aLET YOUR KIDS
_cRUBIN CH
942 _2udc
_cBK
999 _c9205
_d9205